El gran libro / (Registro nro. 39920)

Detalles MARC
000 -LEADER
campo de control de longitud fija 03109cam a22004094i 4500
003 - IDENTIFICADOR DE NÚMERO DE CONTROL
campo de control PE-LiUPU
005 - FECHA Y HORA DE LA ÚLTIMA TRANSACCIÓN
campo de control 20250731173211.0
008 - DATOS DE LONGITUD FIJA--INFORMACIÓN GENERAL
campo de control de longitud fija 150625s1961 ag r 000 0 spa d
035 ## - NÚMERO DE CONTROL DEL SISTEMA
Número de control de sistema (Sirsi) a32285
040 ## - FUENTE DE CATALOGACIÓN
Centro catalogador/agencia de origen PE-LiUPU
Lengua de catalogación spa
Centro/agencia transcriptor PE-LiUPU
Normas de descripción rda
049 ## - FONDOS LOCALES (OCLC)
Biblioteca depositaria PRUA
082 04 - NÚMERO DE LA CLASIFICACIÓN DECIMAL DEWEY
Número de clasificación 200
Cutter V58
Número de edición 21
100 1# - ENTRADA PRINCIPAL--NOMBRE DE PERSONA
Nombre de persona Vries, Anne de,
Término indicativo de función/relación autor.
245 13 - MENCIÓN DEL TÍTULO
Título El gran libro /
Mención de responsabilidad, etc. Anne de Vries.
264 #1 - PRODUCCIÓN, PUBLICACIÓN, DISTRIBUCIÓN, FABRICACIÓN Y COPYRIGHT
Producción, publicación, distribución, fabricación y copyright Buenos Aires :
Nombre del de productor, editor, distribuidor, fabricante Junta de publicaciones de las iglesias reformadas en la argentina,
Fecha de producción, publicación, distribución, fabricación o copyright 1961.
300 ## - DESCRIPCIÓN FÍSICA
Extensión
336 ## - TIPO DE CONTENIDO
Término de tipo de contenido text
Fuente rdacontent
337 ## - TIPO DE MEDIO
Nombre/término del tipo de medio unmediated
Fuente rdamedia
338 ## - TIPO DE SOPORTE
Nombre/término del tipo de soporte volume
Fuente rdacarrier
505 0# - NOTA DE CONTENIDO CON FORMATO
Nota de contenido con formato La creación. - En el huerto del Edén. - El primer pecado. - De tal manera amo Dios al mundo. - Caín y Abel. - Dios es fiel. - El diluvio. - Bendición y maldición. - La torre de Babel. - El amigo de Dios. - Abram y Lot. - Prueba de fe. - ¿Hay cosa alguna demasiado dificil para Jehova?. - Sodoma y Gomorra. - Agar e Ismael. - Amar a Dios sobre todas las cosas. - Rebeca. - Jacob y Esau. - El engaño. - La huida de Jacob. - Jacob y Laban. - Peniel. - Jose y sus hermanos. - Jose como esclavo. - Jose en la carcel. - El rey soño. - Los hermanos van a Egipto. - Segundo viaje de los hermanos. - Viaje de Jacob a Egipto. - Job. - Moises. - El principe Moises. - La vocaciónde Moises. - Un hombre lucha contra Dios. - La liberación. - Por mar y arena. - Como un padre los conducia. - Junto al Sinai. - El tabernaculo. - Incredulidad. - Cuarenta años. - Balaam,el mago. - Moises sobre el Nebo. - La entrada en canaam. - Por la fe. - La tierra conquistada. - Debora. - Gedeón. - Samson. - El fin de Samson. - Rut. - Samuel. - El arca con los filisteos. - Samuel como juez. - El nuevo rey. - Desobediencia. - David. - David y Goliat. - Guardado por Dios. - Como una perdiz entre los montes. - Amad a vuestros enemigos. - Nabal. - Haquila. - Siclag. - El fin de Saul. - David es hecho rey. - David, el siervo de Dios. - Bat-seba. - Absalom. - La muerte de Absalom. - El fin de David. - Salomon. - La escisión. - Jeroboam, el pecador. - Asa, el piadoso. - Elias. - "¡El señor es Dios!". - Elias sobre el Horeb. - Nabot. - La muerte de Acab. - Josafat. - Elias y Eliseo. - Eliseo. - Naaman y Giezi. - Eliseo y los Sirios. - Jehú. - Joás. - Jonás. - El fin de Israel. - Isaias. - Ezequias. - Manases y Josias. - Jeremias. - Daniel. - En el horno ardiente. - Belsasar. - En la cueva de los leones. - El regreso. - Ester. - Por la fe.
526 ## - NOTA DE INFORMACIÓN SOBRE EL PROGRAMA DE ESTUDIO
Nombre del programa Segunda Especialidad En Profecías Bíblicas
526 ## - NOTA DE INFORMACIÓN SOBRE EL PROGRAMA DE ESTUDIO
Nombre del programa Segunda Especialidad En Nuevo Testamento
526 ## - NOTA DE INFORMACIÓN SOBRE EL PROGRAMA DE ESTUDIO
Nombre del programa Segunda Especialidad En Antiguo Testamento
526 ## - NOTA DE INFORMACIÓN SOBRE EL PROGRAMA DE ESTUDIO
Nombre del programa Segunda Especialidad En Estudios Adventistas
526 ## - NOTA DE INFORMACIÓN SOBRE EL PROGRAMA DE ESTUDIO
Nombre del programa Doctorado en teología
526 ## - NOTA DE INFORMACIÓN SOBRE EL PROGRAMA DE ESTUDIO
Nombre del programa Maestría en teología histórica
526 ## - NOTA DE INFORMACIÓN SOBRE EL PROGRAMA DE ESTUDIO
Nombre del programa Maestría en teología bíblica
526 ## - NOTA DE INFORMACIÓN SOBRE EL PROGRAMA DE ESTUDIO
Nombre del programa Maestría en teología
526 ## - NOTA DE INFORMACIÓN SOBRE EL PROGRAMA DE ESTUDIO
Nombre del programa Maestría en misionología
526 ## - NOTA DE INFORMACIÓN SOBRE EL PROGRAMA DE ESTUDIO
Nombre del programa Maestría en liderazgo eclesiástico
526 ## - NOTA DE INFORMACIÓN SOBRE EL PROGRAMA DE ESTUDIO
Nombre del programa Teología
596 ## -
-- 1
942 ## - ELEMENTOS DE ENTRADA SECUNDARIOS (KOHA)
Fuente del sistema de clasificación o colocación Clasificación Decimal Dewey
Tipo de ítem Koha
949 ## - PROCESAMIENTO DE INFORMACIÓN LOCAL (OCLC)
a 200 V58
w DEWEY
c 1
i 08919
l CCODEBUL1
m BUL
p 00.00
r 0
s Y
t BOOK
u 2015-06-25
x BIBLIOTECA
z UNKNOWN
0 COMPRA
o .STAFF. Colección General
999 ## - NÚMEROS DE CONTROL DE SISTEMA (KOHA)
-- DEWEY
-- 08919
-- 2018-10-9
-- 2021-11-9
-- 5
-- CCODEBUL1
-- BUL
-- 4
-- 3
-- 0
-- Y
-- BOOK
-- 2015-6-25
-- TEOLOGIA
-- UNKNOWN
-- COMPRA
-- .STAFF. Colección General
980 ## - EQUIVALENCIA O REFERENCIA-CRUZADA-MENCIÓN DE SERIE--NOMBRE DE PERSONA/TÍTULO [LOCAL, CANADÁ]
ID del último usuario que modificó el registro 1
Nombre del último usuario que modificó el registro ALBERTO SANCHEZ Responsable de Automatización
Existencias
Visto por última vez Número de inventario Total de préstamos Signatura topográfica completa Código de barras Fecha del último préstamo Copia número Fecha de reemplazo Facultad Tipo de ítem Koha Nota pública Estado de pérdida Fuente del sistema de clasificación o colocación Restricciones de uso No para préstamo Colección Programa académico Biblioteca de origen Biblioteca actual Ubicación en estantería Fecha de adquisición Fuente de adquisición
2025-12-02 6 4 200 V58 08919 2018-10-09 e1 2015-06-25   Libros físicos inventario-2023-12-13 No Perdido Clasificación Decimal Dewey No restringido Disponible para préstamos Colección General Teología Biblioteca CRAI UPeU Lima Biblioteca CRAI UPeU Lima Sala principal 2015-06-25 COMPRA